000 00715nam a22002177a 4500
005 20170124110210.0
010 _aB-284868
020 _c100.00
_a978187326026
035 _aB-284868
037 _bCen Lib/Ret
040 _aDPL
_bEN
082 _a181.499
_bKRI
100 _aKrishnamurti, J.
_979026
245 _aYou are the world /
_cby J Krishnamurti
_bAuthentic reports of talks and discussions in american universities
260 _aChennai
_bKrishnamurti Foundation India
_c1972
270 _aVasanta Vihar, 124 Greenways Road
_bChennai
_e600028
300 _a163p.
_c21cm(pbk)
650 _aConduct of life
_912754
650 _aConsciousness
_938034
942 _2ddc
_cEN
_h181.499
_mKRI
999 _c133471
_d133471